000 00443nam a2200169Ia 4500
999 _c9898
_d9898
020 _a0521771269
082 _aD1838 331.1204;
100 _aMeng, Xin
245 0 _aLabour market reform in China
260 _aCambridge
_bCambridge University Press
_c2000
300 _axii, 223p
440 _aTrade and development
650 _aLABOR MARKET - CHINA
650 _aRURAL URBAN MIGRATION - CHINA
700 _aDuncan, Ron
942 _cBK
_2ddc